[Event "Belgrade-chT Quality"]
[Site "Belgrade"]
[Date "2021.10.30"]
[Round "6.5"]
[White "Popadic, Dragan B"]
[Black "Katic, Goran"]
[Result "1/2-1/2"]
[WhiteElo "2089"]
[BlackElo "1868"]
[PlyCount "90"]
[EventDate "2021.10.16"]
[EventType "team-tourn"]
[EventRounds "11"]
[EventCountry "SRB"]
[SourceTitle "EXT 2023"]
[Source "ChessBase"]
[SourceDate "2022.10.05"]
[SourceVersion "1"]
[SourceVersionDate "2022.10.05"]
[SourceQuality "1"]
[WhiteTeam "Belgrade Novi"]
[BlackTeam "Belgrade Polet"]
[WhiteTeamCountry "SRB"]
[BlackTeamCountry "SRB"]

1. e4 c6 2. d3 d5 3. Nd2 Qc7 4. Ngf3 Bg4 5. Be2 e6 6. 0-0 Nf6 7. Re1 Be7 8. c3 0-0 9. Qc2 c5 10. Nf1 Nc6 11. Bd2 d4 12. Ng3 e5 13. c4 g6 14. Rf1 Nh5 15. Nxh5 Bxh5 16. Bh6 Rfe8 17. Ne1 Bxe2 18. Qxe2 Bf8 19. Bd2 f5 20. g3 f4 21. Qg4 Bd6 22. Ng2 Rf8 23. Nh4 Qc8 24. Qxc8 Raxc8 25. f3 Nb4 26. Bxb4 cxb4 27. Rac1 Rc6 28. b3 Be7 29. Ng2 g5 30. g4 Ra6 31. Rf2 Rh6 32. Rfc2 Bc5 33. Ne1 a5 34. Rb2 a4 35. bxa4 Ra8 36. Nc2 Rxa4 37. Na1 Rh3 38. Nb3 b6 39. Rf1 Kg7 40. Rff2 Ra8 41. Kf1 Kf6 42. Nc1 Rh8 43. Ne2 Rg8 44. Ng1 Rh4 45. Ke1 Ra8 1/2-1/2

[Event "Veliko Gradiste Silver Lake op-A"]
[Site "Veliko Gradiste"]
[Date "2021.06.28"]
[Round "7"]
[White "Katic, Goran"]
[Black "Doraszelski, Alexander"]
[Result "0-1"]
[WhiteElo "1963"]
[BlackElo "1802"]
[PlyCount "96"]
[EventDate "2021.06.23"]
[EventType "swiss"]
[EventRounds "9"]
[EventCountry "SRB"]
[SourceTitle "EXT 2022"]
[Source "ChessBase"]
[SourceDate "2021.10.06"]
[SourceVersion "1"]
[SourceVersionDate "2021.10.06"]
[SourceQuality "1"]

1. e4 c5 2. c3 d5 3. exd5 Qxd5 4. Na3 Nf6 5. Nf3 e6 6. d4 Qd8 7. Nc2 Be7 8. Be2 0-0 9. 0-0 Nc6 10. dxc5 Bxc5 11. Be3 Bxe3 12. Nxe3 b6 13. Qa4 Bb7 14. Rfd1 Qc7 15. c4 Ne4 16. a3 a5 17. Qc2 Nc5 18. b3 Rfd8 19. Qb2 Qe7 20. Rab1 Rxd1+ 21. Nxd1 Rd8 22. Nc3 Qf6 23. Na4 Nd4 24. Nxd4 Rxd4 25. Nxc5 bxc5 26. Qc1 Qg6 27. f3 h5 28. Kf2 Qf5 29. Rb2 Qe5 30. g3 h4 31. Qe3 hxg3+ 32. hxg3 Qd6 33. Qc3 e5 34. Qxa5 e4 35. Qc3 exf3 36. Bf1 Rg4 37. Ke3 Rxg3 38. Rf2 Rg5 39. Qd3 Qe5+ 40. Kd2 Rg4 41. Qd8+ Kh7 42. Bd3+ g6 43. Qd7 Qb2+ 44. Ke3 Qe5+ 45. Kd2 Qb2+ 46. Ke3 Qc1+ 47. Rd2 Qe1+ 48. Re2 Re4+ 0-1

[Event "Veliko Gradiste Silver Lake op-A"]
[Site "Veliko Gradiste"]
[Date "2021.06.24"]
[Round "2"]
[White "Katic, Goran"]
[Black "Stankovic, Ivan G"]
[Result "0-1"]
[WhiteElo "1963"]
[BlackElo "2273"]
[PlyCount "78"]
[EventDate "2021.06.23"]
[EventType "swiss"]
[EventRounds "9"]
[EventCountry "SRB"]
[SourceTitle "CBM 203 Extra"]
[Source "ChessBase"]
[SourceDate "2021.09.30"]
[SourceVersion "1"]
[SourceVersionDate "2021.09.30"]
[SourceQuality "1"]

1. e4 c5 2. c3 Nf6 3. e5 Nd5 4. Na3 Nc6 5. Nf3 e6 6. Bc4 d6 7. exd6 Bxd6 8. 0-0 0-0 9. Nc2 Be7 10. d4 cxd4 11. Ncxd4 Nxd4 12. Nxd4 Bf6 13. Qb3 Nb6 14. Be3 Bd7 15. Bb5 Nd5 16. Nc2 a6 17. Bxd7 Qxd7 18. Rfd1 Qc7 19. Bd4 Rfd8 20. Bxf6 Nxf6 21. Ne3 h6 22. Rxd8+ Rxd8 23. Rd1 Rxd1+ 24. Qxd1 Qf4 25. Qd8+ Kh7 26. Qd3+ g6 27. g3 Qf3 28. Qd1 Qe4 29. Qc2 Qc6 30. c4 h5 31. h4 Qf3 32. Qd1 Qe4 33. Qc2 Qd4 34. b4 Ne4 35. Kg2 Nc3 36. a3 e5 37. Kf1 f5 38. c5 Ne4 39. Qc4 Nd2+ 0-1

[Event "Paracin Summer op"]
[Site "Paracin"]
[Date "2020.07.09"]
[Round "8"]
[White "Ivic, Matija"]
[Black "Katic, Goran"]
[Result "1-0"]
[WhiteElo "2225"]
[BlackElo "1967"]
[PlyCount "103"]
[EventDate "2020.07.03"]
[EventType "swiss"]
[EventRounds "9"]
[EventCountry "SRB"]
[SourceTitle "CBM 197 Extra"]
[Source "ChessBase"]
[SourceDate "2020.09.30"]
[SourceVersion "1"]
[SourceVersionDate "2020.09.30"]
[SourceQuality "1"]

1. d4 g6 2. c4 Bg7 3. Nc3 b6 4. e4 Bb7 5. Bg5 c5 6. d5 d6 7. Qd2 Nd7 8. f4 f6 9. Bh4 Nh6 10. Nf3 Nf7 11. Bd3 a6 12. 0-0-0 Qc7 13. Kb1 0-0-0 14. Rhe1 Rhe8 15. Bg3 Kb8 16. Re2 Ka7 17. Rde1 Bc8 18. h3 Bh6 19. Qc2 Bg7 20. Bh2 Bb7 21. Nd1 e5 22. dxe6 Rxe6 23. Nc3 Re7 24. Qa4 Qc6 25. Qa3 Qc8 26. Nd2 Kb8 27. Nf1 Ree8 28. Ne3 Ka7 29. g4 Nf8 30. Ned5 Bxd5 31. cxd5 Nd7 32. Bb5 Re7 33. Re3 Nb8 34. Qa4 Ka8 35. Bc6+ Nxc6 36. dxc6 b5 37. Nxb5 Qxc6 38. Ra3 Rb7 39. Qxa6+ Qxa6 40. Rxa6+ Kb8 41. a4 Kc8 42. Rd1 f5 43. gxf5 gxf5 44. exf5 Bf6 45. Bg1 Rbd7 46. Bxc5 Be7 47. Bd4 Nh6 48. f6 Bf8 49. Rc1+ Kb8 50. Rcc6 Nf5 51. Ba7+ Kb7 52. Rcb6+ 1-0

[Event "Paracin Summer op"]
[Site "Paracin"]
[Date "2020.07.07"]
[Round "6"]
[White "Mitev, Valentin"]
[Black "Katic, Goran"]
[Result "1-0"]
[WhiteElo "2240"]
[BlackElo "1967"]
[PlyCount "43"]
[EventDate "2020.07.03"]
[EventType "swiss"]
[EventRounds "9"]
[EventCountry "SRB"]
[SourceTitle "CBM 197 Extra"]
[Source "ChessBase"]
[SourceDate "2020.09.30"]
[SourceVersion "1"]
[SourceVersionDate "2020.09.30"]
[SourceQuality "1"]

1. d4 g6 2. e4 Bg7 3. Nc3 a6 4. f4 d5 5. Nxd5 e6 6. Nc3 Bxd4 7. Nge2 Bxc3+ 8. Nxc3 Qxd1+ 9. Nxd1 Ne7 10. b3 Nd7 11. Bb2 f6 12. g4 Rf8 13. Be2 Nc6 14. Ne3 g5 15. f5 Nde5 16. h4 h6 17. hxg5 hxg5 18. Ba3 Rg8 19. Rh7 Nf7 20. Bc4 Ncd8 21. 0-0-0 c6 22. Rxd8+ 1-0

[Event "Belgrade-chT Quality"]
[Site "Belgrade"]
[Date "2019.10.29"]
[Round "9.8"]
[White "Katic, Goran"]
[Black "Koscal, Arsenije"]
[Result "1/2-1/2"]
[WhiteElo "1929"]
[BlackElo "1679"]
[PlyCount "32"]
[EventDate "2019.10.05"]
[EventType "team-tourn"]
[EventRounds "11"]
[EventCountry "SRB"]
[SourceTitle "EXT 2022"]
[Source "ChessBase"]
[SourceDate "2021.10.06"]
[SourceVersion "1"]
[SourceVersionDate "2021.10.06"]
[SourceQuality "1"]
[WhiteTeam "Teleoptik"]
[BlackTeam "Romanticari"]
[WhiteTeamCountry "SRB"]
[BlackTeamCountry "SRB"]

1. e4 e6 2. d4 d5 3. Nd2 Nf6 4. e5 Nfd7 5. Bd3 c5 6. c3 Nc6 7. Ne2 cxd4 8. cxd4 f6 9. exf6 Nxf6 10. 0-0 Bd6 11. Nf3 0-0 12. Be3 h6 13. Rc1 Ng4 14. Ng3 Bxg3 15. hxg3 Nxe3 16. fxe3 Qd6 1/2-1/2

[Event "Belgrade-chT Quality"]
[Site "Belgrade"]
[Date "2019.10.26"]
[Round "7.8"]
[White "Katic, Goran"]
[Black "Karic, Damir"]
[Result "1-0"]
[WhiteElo "1929"]
[BlackElo "1530"]
[PlyCount "50"]
[EventDate "2019.10.05"]
[EventType "team-tourn"]
[EventRounds "11"]
[EventCountry "SRB"]
[SourceTitle "EXT 2022"]
[Source "ChessBase"]
[SourceDate "2021.10.06"]
[SourceVersion "1"]
[SourceVersionDate "2021.10.06"]
[SourceQuality "1"]
[WhiteTeam "Teleoptik"]
[BlackTeam "Borca"]
[WhiteTeamCountry "SRB"]
[BlackTeamCountry "SRB"]

1. e4 e5 2. Nf3 Nc6 3. Nc3 Bc5 4. Nxe5 Bxf2+ 5. Kxf2 Nxe5 6. d4 Qf6+ 7. Ke1 Ng6 8. Bc4 N8e7 9. Rf1 Qh4+ 10. g3 Qxh2 11. Bxf7+ Kd8 12. Qd3 Rf8 13. Bg5 h6 14. Bxg6 Rxf1+ 15. Qxf1 Qxg3+ 16. Kd1 Qg4+ 17. Ne2 c6 18. Bxe7+ Kxe7 19. Qf7+ Kd8 20. Qf8+ Kc7 21. Qf4+ Qxf4 22. Nxf4 d6 23. Kd2 Bd7 24. e5 Rf8 25. Ke3 c5 1-0

[Event "SRB Central-ch op-A 5th"]
[Site "Paracin"]
[Date "2012.07.09"]
[Round "4"]
[White "Jovanovic, Bojan P"]
[Black "Katic, Goran"]
[Result "1-0"]
[WhiteElo "2185"]
[BlackElo "1989"]
[PlyCount "81"]
[EventDate "2012.07.06"]
[EventType "swiss"]
[EventRounds "9"]
[EventCountry "SRB"]
[SourceTitle "CBM 149 Extra"]
[Source "ChessBase"]
[SourceDate "2012.08.24"]
[SourceVersion "1"]
[SourceVersionDate "2012.08.24"]
[SourceQuality "1"]

1. d4 Nf6 2. c4 e6 3. Nf3 b6 4. Bf4 Bb4+ 5. Nbd2 Bb7 6. a3 Be7 7. h3 0-0 8. e3 d5 9. b4 c5 10. bxc5 bxc5 11. Rb1 Bc6 12. Ne5 Be8 13. dxc5 Qa5 14. cxd5 exd5 15. Nd3 Na6 16. Be2 Ne4 17. Qc2 Ba4 18. Qc1 Bxc5 19. Nxc5 Naxc5 20. Rb4 Rac8 21. Qb2 Nxd2 22. Qxd2 Ne4 23. Qb2 Rc2 24. Qa1 Rfc8 25. 0-0 Rxe2 26. Qe5 Nd2 27. Qf5 Rf8 28. Qd3 Nxf1 29. Qxe2 Nxe3 30. Qxe3 Bd7 31. Rb7 Be6 32. Rxa7 Qb5 33. Be5 Qb1+ 34. Kh2 Qg6 35. a4 h6 36. a5 Qe4 37. Qg3 g6 38. Qc3 Qc4 39. Qb2 f6 40. Bd4 Kh8 41. Bxf6+ 1-0

[Event "SRB-chT Central"]
[Site "Pozarevac"]
[Date "2012.02.19"]
[Round "9"]
[White "Katic, Goran"]
[Black "Ratkovic, Petar"]
[Result "1-0"]
[WhiteElo "2036"]
[BlackElo "1534"]
[PlyCount "40"]
[EventDate "2012.02.13"]
[EventType "team-swiss"]
[EventRounds "9"]
[EventCountry "SRB"]
[SourceTitle "CBM 146 Extra"]
[Source "ChessBase"]
[SourceDate "2012.02.29"]
[SourceVersion "1"]
[SourceVersionDate "2012.02.29"]
[SourceQuality "1"]

1. e4 c6 2. d4 d5 3. f3 dxe4 4. fxe4 Nf6 5. e5 Nfd7 6. e6 fxe6 7. Nf3 Nf6 8. Bd3 Nbd7 9. Ne5 Nxe5 10. dxe5 Qa5+ 11. Nc3 Qxe5+ 12. Ne2 Bd7 13. 0-0 Ng4 14. g3 Ne3 15. Bxe3 Qxe3+ 16. Kg2 c5 17. Rf4 Bc6+ 18. Kf1 e5 19. Rf2 e4 20. Bc4 Rd8 1-0

[Event "SRB-chT Central"]
[Site "Pozarevac"]
[Date "2012.02.13"]
[Round "1"]
[White "Katic, Goran"]
[Black "Colovic, Zoran"]
[Result "0-1"]
[WhiteElo "2036"]
[BlackElo "2168"]
[PlyCount "54"]
[EventDate "2012.02.13"]
[EventType "team-swiss"]
[EventRounds "9"]
[EventCountry "SRB"]
[SourceTitle "CBM 146 Extra"]
[Source "ChessBase"]
[SourceDate "2012.02.29"]
[SourceVersion "1"]
[SourceVersionDate "2012.02.29"]
[SourceQuality "1"]

1. e4 c5 2. c3 d5 3. exd5 Qxd5 4. d4 Nf6 5. Nf3 Nc6 6. Be2 cxd4 7. cxd4 e6 8. 0-0 Be7 9. Nc3 Qd8 10. Be3 0-0 11. Ne5 Nd5 12. Nxd5 exd5 13. Nxc6 bxc6 14. Bd3 Qb6 15. Qc2 g6 16. Rac1 Bd7 17. Rfe1 Bf6 18. Qd2 Bxd4 19. Bxg6 Bxe3 20. Bxh7+ Kxh7 21. Rxe3 Rg8 22. Re7 Be6 23. Rc3 Rg6 24. Qc2 Qb4 25. Rc7 d4 26. Qe4 Bd5 27. Rh3+ Kg8 0-1

[Event "Belgrade op"]
[Site "Belgrade"]
[Date "2009.12.01"]
[Round "8"]
[White "Hrzic, Ivan"]
[Black "Katic, Goran"]
[Result "1-0"]
[WhiteElo "2260"]
[BlackElo "2091"]
[PlyCount "75"]
[EventDate "2009.11.24"]
[EventType "swiss"]
[EventRounds "9"]
[EventCountry "YUG"]
[SourceTitle "CBM 133 Extra"]
[Source "ChessBase"]
[SourceDate "2010.01.05"]
[SourceVersion "1"]
[SourceVersionDate "2010.01.05"]
[SourceQuality "1"]

1. d4 Nf6 2. c4 e6 3. Nc3 Bb4 4. e3 0-0 5. Nge2 d5 6. a3 Be7 7. cxd5 exd5 8. Ng3 b6 9. Bd3 Re8 10. b4 c5 11. bxc5 bxc5 12. dxc5 Bxc5 13. 0-0 Be6 14. Bb2 Nbd7 15. Nce2 Rb8 16. Bc3 Qe7 17. Nd4 Rec8 18. Qa4 Bxd4 19. Qxd4 Qc5 20. Bb4 Qxd4 21. exd4 Nb6 22. Bd6 Ra8 23. Ba6 Rc2 24. a4 Bc8 25. Bd3 Rc3 26. Rfd1 Nc4 27. Bb4 Rb3 28. Bc5 a5 29. Bxc4 dxc4 30. d5 Bd7 31. Be7 Ng4 32. Ne4 Re8 33. d6 Rc8 34. h3 Ne5 35. Rd5 Nc6 36. Nc5 Nxe7 37. dxe7 Rxc5 38. Rxd7 1-0

[Event "Belgrade op"]
[Site "Belgrade"]
[Date "2009.11.25"]
[Round "2"]
[White "Danojlic, Petar"]
[Black "Katic, Goran"]
[Result "0-1"]
[WhiteElo "1895"]
[BlackElo "2091"]
[PlyCount "102"]
[EventDate "2009.11.24"]
[EventType "swiss"]
[EventRounds "9"]
[EventCountry "YUG"]
[SourceTitle "CBM 133 Extra"]
[Source "ChessBase"]
[SourceDate "2010.01.05"]
[SourceVersion "1"]
[SourceVersionDate "2010.01.05"]
[SourceQuality "1"]

1. e4 c6 2. d4 d5 3. Nc3 dxe4 4. Nxe4 Nd7 5. Nf3 Ngf6 6. Ng3 e6 7. Bc4 Bd6 8. Ne2 Qc7 9. Qd3 b5 10. Bb3 a5 11. c3 Ba6 12. Bc2 b4 13. c4 e5 14. dxe5 Nxe5 15. Nxe5 Bxe5 16. Qe3 0-0 17. f4 Bd6 18. b3 Rfe8 19. Qf3 Bc5 20. Bd2 Qe7 21. Kf1 Rad8 22. Rd1 Bc8 23. h3 h5 24. f5 Bxf5 25. Bxf5 Be3 26. g4 Bxd2 27. gxh5 Qc5 28. Bc2 Qxh5 29. Qxh5 Nxh5 30. Rh2 Bf4 31. Nxf4 Rxd1+ 32. Bxd1 Nxf4 33. h4 Nd3 34. Rd2 Ne5 35. c5 f6 36. Rd6 Kf7 37. Kf2 Ke7 38. h5 Rd8 39. Rxd8 Kxd8 40. Ke3 Ke7 41. Be2 Ke6 42. Kd4 Kf5 43. Ke3 Nd7 44. Kd4 Kf4 45. Bd3 Ne5 46. Be2 Nf3+ 47. Kd3 Ng5 48. Kd4 Ne6+ 49. Kc4 Ke3 50. Bg4 Nd4 51. Bh3 Nf3 0-1

[Event "Belgrade-ch"]
[Site "Belgrade"]
[Date "2009.01.26"]
[Round "3"]
[White "Jovic, Branko"]
[Black "Katic, Goran"]
[Result "0-1"]
[WhiteElo "1848"]
[BlackElo "2096"]
[PlyCount "132"]
[EventDate "2009.01.24"]
[EventType "swiss"]
[EventRounds "9"]
[EventCountry "YUG"]
[SourceTitle "CBM 128 Extra"]
[Source "ChessBase"]
[SourceDate "2009.03.05"]
[SourceVersion "2"]
[SourceVersionDate "2009.03.25"]
[SourceQuality "1"]

1. e4 c6 2. d4 d5 3. Nc3 dxe4 4. Nxe4 Nd7 5. Nf3 Ngf6 6. Nxf6+ Nxf6 7. h3 Bf5 8. Bd3 Bxd3 9. Qxd3 e6 10. 0-0 Be7 11. c4 0-0 12. b3 Qc7 13. Bb2 Rfd8 14. Rad1 Nd7 15. Qe2 Nf8 16. Ne5 f6 17. Nf3 c5 18. Rfe1 cxd4 19. Nxd4 e5 20. Nf5 Bc5 21. Qg4 Kh8 22. h4 g6 23. Ng3 Qb6 24. Qf3 Bd4 25. Ba3 f5 26. Bxf8 Rxf8 27. h5 Rad8 28. hxg6 hxg6 29. Ne2 Bb2 30. Nc3 e4 31. Qh3+ Kg7 32. Nd5 Qc5 33. Qg3 Rfe8 34. Qg5 Bd4 35. Qg3 Be5 36. Qe3 Qxe3 37. fxe3 Kf7 38. Kf2 Rh8 39. Re2 Rhe8 40. Red2 Rd6 41. Nb4 Rxd2+ 42. Rxd2 Ke6 43. Rd5 g5 44. Rd1 Rh8 45. Nd5 f4 46. a4 f3 47. Rg1 Rh2 48. Kf1 Bg3 49. gxf3 Rf2+ 50. Ke1 Rg2+ 51. Kf1 Rxg1+ 52. Kxg1 exf3 53. b4 g4 54. Kf1 Bh4 55. a5 g3 56. b5 Bd8 57. a6 bxa6 58. bxa6 Ke5 59. Kg1 Kd6 60. Nb4 Bb6 61. Nd5 Bc5 62. Kf1 Ke5 63. Kg1 Ke4 64. Kf1 Bxe3 65. Nf6+ Kf5 66. Nd7 g2+ 0-1

[Event "Belgrade Trophy 21st"]
[Site "Obrenovac"]
[Date "2008.12.01"]
[Round "5"]
[White "Gluscevic, Marko"]
[Black "Katic, Goran"]
[Result "0-1"]
[WhiteElo "1762"]
[BlackElo "2070"]
[PlyCount "62"]
[EventDate "2008.11.27"]
[EventType "swiss"]
[EventRounds "9"]
[EventCountry "YUG"]
[SourceTitle "CBM 127 Extra"]
[Source "ChessBase"]
[SourceDate "2009.01.08"]
[SourceVersion "2"]
[SourceVersionDate "2009.01.28"]
[SourceQuality "1"]

1. e4 c6 2. d4 d5 3. e5 Bf5 4. Nc3 Qb6 5. g4 Bd7 6. f4 e6 7. Nf3 c5 8. Ne2 h5 9. g5 g6 10. c3 Bb5 11. Ng3 Bxf1 12. Nxf1 Nc6 13. Qb3 Qxb3 14. axb3 cxd4 15. Nxd4 Nxd4 16. cxd4 Ne7 17. Bd2 Nc6 18. Bc3 b5 19. b4 Bxb4 20. Ne3 Be7 21. Nc2 b4 22. Bd2 b3 23. Ra6 Nb8 24. Ra3 bxc2 25. Rc3 Bb4 26. Rc8+ Kd7 27. Rxc2 Bxd2+ 28. Kxd2 Rc8 29. Rxc8 Kxc8 30. Rc1+ Kd7 31. Kd3 Nc6 0-1